Die 15 größten Städte Deutschlands von ChatGPT beschrieben - Statistiken

Allgemein
  • Dieses Quiz wurde 241 mal gespielt
  • Das Durchschnittsergebnis liegt bei 11 aus 15
Antwortstatistiken
Beschreibung Stadt % Korrekt
Stadtmusikanten Bremen
99%
Karneval Köln
95%
Skyline Frankfurt
94%
Bierkultur München
93%
Hafenstadt Hamburg
91%
Automobil Stuttgart
84%
Fußball Dortmund
76%
Christkindlesmarkt Nürnberg
75%
Vielfältig Berlin
66%
Mode Düsseldorf
63%
Messe Hannover
56%
Industrie Essen
55%
Barock Dresden
54%
Stahl Duisburg
50%
Kreativ Leipzig
41%
Keine übereinstimmenden Quizze gefunden
Verteilung der Resultate
Anzahl Personen mit jedem Resultat
Perzentil nach korrekt beantworteten Fragen
Ihre Resultats-Entwicklung
Sie haben dieses Quiz noch nicht gespielt